000 00876nam a2200265 a 4500
001 BRCA_6574
005 20190320205517.0
008 300911s1982----sp-#######---#000-0#spa-#
020 _a8425210984 (vol. 6)
041 _aspa
044 _asp
050 4 _aN7105
_b.R46 1982
245 1 0 _aRenacimiento y barroco en España
_cedición a cargo de José Fernández Arenas.
260 _aEspaña
_bGustavo Gili
_c1982
300 _a271 p.
_c20 cm.
440 0 _aFuentes y Documentos para la Historia del Arte
_v6
_916396
500 _aIncluye índice onomástico e índice temático
500 _aDonación Dra. Elsa Barberena
650 1 4 _aArte español
_xFuentes
_916397
650 1 4 _aArte del renacimiento
_xFuentes
_zEspaña
_916398
650 1 4 _aArte barroco
_xFuentes
_zEspaña
_916399
700 1 _aFernández Arenas, José
_eed.
_9568
902 _aDEB
942 _2lcc
_cB
999 _c6258
_d6258